|
|
|
|
| LEADER |
00918nam a2200229 a 4500 |
| 001 |
009457674 |
| 008 |
090517s1985 enka b 001 0 eng d |
| 020 |
|
|
|a 0906848075 (pbk) :
|c No price
|
| 020 |
|
|
|a 0855325542 (hbk) :
|c No price
|
| 040 |
|
|
|a Uk
|c Uk
|
| 082 |
0 |
4 |
|a 613/.04244
|2 19
|
| 100 |
1 |
|
|a Jenkins, Joan.
|
| 245 |
1 |
0 |
|a Caring for women's health /
|c Joan Jenkins, forwarded by Josephine Barens
|
| 260 |
|
|
|a Tunbridge Wells :
|b Search Press,
|c 1985.
|
| 300 |
|
|
|a 159p. ;
|c 22cm.
|
| 500 |
|
|
|a Includes index.
|
| 541 |
1 |
|
|e 00003430
|
| 650 |
0 |
|
|a Women
|x Health and hygiene.
|
| 700 |
1 |
|
|a Barens,Josephine
|
| 852 |
4 |
|
|a Ayesha Abed Library
|j Generalshelf
|
| 999 |
|
|
|c 760
|d 760
|
| 952 |
|
|
|0 0
|1 0
|2 ddc
|4 0
|6 613_042440000000000_JEN_1985
|7 0
|8 NFIC
|9 701
|a BRACUL
|b BRACUL
|c GEN
|d 2009-05-17
|g 0.00
|l 1
|o 613.04244 JEN
|p 3010003430
|r 2015-03-21
|s 2015-03-11
|t 1
|w 2009-05-17
|y BK
|x No price found in the accession register.
|